000 03475nam a2200733 a 4500
008 240827e2004 ag a|||f |||| 001 0 spa d
020 _a9505059509250155
041 _aspa
092 _c617.059
_l12
_sCIR
245 _aCirugía videoasistida y percutánea para cirujanos generales /
_cEduardo Saad.
250 _a1a ed.
260 _aBuenos Aires:
_bLa Prensa Médica Argentina;
_c2004.
300 _a430 p.
_bil.
500 _aSaad, E. et al. ( 2004). Cirugía videoasistida y percutánea para cirujanos generales. (1a ed.). Buenos Aires : La Prensa Médica Argentina.
653 _aConcepto y alcances de la cirugía invasiva mínima.
653 _aPreoperatorio y postoperatorio en cirugía mínima.
653 _aEl futuro de la cirugía en el siglo XXI.
653 _aReflexiones sobre la cirugía invasiva mínima.
653 _aModelo experimental en la formación en cirugía.
653 _aHígado, vía biliar y páncreas.
653 _aColecistectomía laparoscópica.
653 _aColecistectomía acuscópica.
653 _aColecistectomía percutánea.
653 _aExploración trancística de la vía biliar.
653 _aColedocotomía laparoscópica.
653 _aLesión quirúrgica de la vía biliar,
653 _aAnastomosis biliodigestivas por la videolasparoscopía.
653 _aTratamiento laparoscópico de los quistes hepáticos.
653 _aTratamiento percutáneo de tumores hepáticos.
653 _aParedes abdominales.
653 _aAnatomía quirúrgico de la enfermedad por reflujo.
653 _aHernioplastia laparoscópica.
653 _aPatología del abdomen y del tubo digestivo.
653 _aCirugía miniinvasiva en el reflujo gastroesofágico. Experiencia de diferentes centros quirúrgicos.
653 _aOstomías percutáneas. Gastrotomías, gastroyeyunostomías, hepatoyeyunostomiás, ileostomías y cecostomias.
653 _aBanda gástrica laparoscópica para el tratamiento de la obesidad mórbida.
653 _aAdhesiolisis y enterolisis laparoscópica.
653 _aApendicectomía laparoscópica.
653 _aStent expandibles metálicos en el tubo digestivo superior.
653 _aTratamiento endoanal con stent de la oclusión intestinal neoplásica.
653 _aCirugia laparoscópica del colon y el recto.
653 _aAbordaje videoscópico de los tumores retroperitoneales.
653 _aEsplenectomía laparoscópica
653 _aAdrenalectomía laparoscópica.
653 _aLaparoscópia en la estadificación tumoral.
653 _aDrenaje percutáneo de colecciones abdominales.
653 _aTórax
653 _aCirugía tóracica videoasistida en pulmón.
653 _aEnfermedad intersticial de pulmón
653 _aNódulo pulmona solitario. Tratamiento por videotoracoscopía.
653 _aDerrame pleural neoplásico.
653 _aTratamiento del neumotórax espontáneo por videotoracoscopía.
653 _aCirugía toracovideoasistida. Su aplicación en la patología mediastinal.
653 _aComplicaciones de la cirugía videotoracoscópica.
653 _aIntervencionismo en tórax.
653 _aLaparascopía en el trauma.
653 _aBiopsias por vía percutánea.
653 _aIntervencionismo vascular.
700 1 _tSaad, Eduardo.
_94211
700 1 _tPerissat, Jacques.
_94212
700 1 _tSuhl, Arnoldo.
_94213
700 1 _tGiménez, Mariano.
_94214
942 _2ddc
_cBK
999 _c3197
_d3197